Answers Contain "Fat" - Statistics

General Stats
  • This quiz has been taken 178 times
    76 since last reset
  • The average score is 10 of 22
Answer Stats
Hint Answer % Correct
It's not over until this person sings. fat lady
86%
1978 single by Queen Fat Bottomed Girls
71%
British DJ and musician: "Praise You", "Weapon of Choice" Fatboy Slim
67%
Daughter of the Islamic prophet Muhammad Fatima
64%
Animated Cosby character who said "Hey hey hey!" Fat Albert
62%
Rock and roll pioneer of "Ain't That a Shame" and "Blueberry Hill" Fats Domino
62%
Unhealthy type of fat being phased out, the opposite of cis fat trans fat
61%
Codename for the nuclear bomb detonated over Nagasaki Fat Man
59%
An Islamic legal pronouncement fatwa
56%
The final day of Carnival Fat Tuesday
52%
Scottish Mike Myers character who once ate a baby Fat Bastard
44%
What vitamins A, D, E, and K are fat-{soluble}
41%
2002 independent romantic comedy that grossed $368.7 million My Big Fat Greek Wedding
41%
Silent film star whose scandal shook Hollywood in the 1920s Fatty Arbuckle
38%
Recurring gangster character in The Simpsons Fat Tony
33%
80s beatboxing trio that recorded "Wipeout" with the Beach Boys The Fat Boys
29%
NYC rapper of "Lean Back", "What's Luv?", and "Make It Rain" Fat Joe
27%
Hong Kong actor in Crouching Tiger, Hidden Dragon Chow Yun-fat
26%
2001 single by Sum 41, their most popular Fat Lip
23%
2002 comedy film starring Frankie Muniz {Big} {Fat} {Liar}
18%
1997 Prodigy album featuring "Breathe" and "Firestarter" The Fat of the Land
17%
Jazz pianist of "Ain't Misbehavin'" and "Honeysuckle Rose" Fats Waller
15%
No matching quizzes found
Score Distribution
Percent of People with Each Score
Percentile by Number Answered
Your Score History
You have not taken this quiz since the last reset